Monolitická železobetónová stropná konštrukcia

Saved in:
Bibliographic Details
Main Author: Mihálik, Ján (Author)
Other Authors: Borzovič, Viktor (Thesis advisor)
Format: Manuscript Book
Language:Slovak
Published: 2015
Subjects:
Online Access:http://is.stuba.sk/zp/portal_zp.pl?podrobnosti=99828
https://opac.crzp.sk/?fn=detailBiblioForm&sid=8E4B6E07E50410EA9DB3A53E14E1
Tags: Add Tag
No Tags, Be the first to tag this record!

MARC

LEADER 00000ntm a22000003a 4500
001 stuzp51225
003 SK-STU
005 20230816113742.5
007 ta
008 150427s2015----xo-----f-mn---000-0-slo-d
040 |a STU  |b slo 
041 0 |a slo 
100 1 |a Mihálik, Ján  |u 010110  |4 aut  |U SvF Stavebná fakulta  |T SvF Katedra betónových konštrukcií a mostov  |X 55571  |U V110  |Y 11  |7 55571 
242 0 1 |a Cast in-situ reinforced concrete slab  |y eng 
245 1 0 |a Monolitická železobetónová stropná konštrukcia 
260 |c 2015 
650 4 |a bezprievlaková stropná doska  |2 slo 
650 4 |a MKP  |2 slo 
650 4 |a návrh výstuže  |2 slo 
650 4 |a Medzný Stav Únosnosti  |2 slo 
650 4 |a Medzný Stav Používateľnosti  |2 slo 
650 4 |a flat slab  |2 eng 
650 4 |a FEM  |2 eng 
650 4 |a designing reinforcement  |2 eng 
650 4 |a Ultimate Limit State  |2 eng 
650 4 |a Service Limit State  |2 eng 
700 1 |a Borzovič, Viktor  |4 ths  |X 3688  |7 A000003688 
856 4 |u http://is.stuba.sk/zp/portal_zp.pl?podrobnosti=99828 
856 4 |u https://opac.crzp.sk/?fn=detailBiblioForm&sid=8E4B6E07E50410EA9DB3A53E14E1 
SQL |a stuzp51225  |b DBP  |c SLO  |d Monolitická železobetónová stropná konštrukcia  |e 55571  |f Mihálik, Ján  |g 010110  |h 3688  |i Borzovič, Viktor  |j 20150623  |k 1  |l 01  |m http://is.stuba.sk/zp/portal_zp.pl?podrobnosti=99828  |n B-IKD  |o 5.1.5. inžinierske konštrukcie a dopravné stavby